[Event "OHRA tournament"]
[Site "Brussels"]
[Date "1986.12.??"]
[Round "1"]
[White "Portisch, Lajos"]
[Black "Short, Nigel David"]
[Result "1/2-1/2"]
[WhiteElo "2605"]
[BlackElo "2615"]
[EventDate "1986.12.13"]
[WhiteTitle "GM"]
[BlackTitle "GM"]
[Source "W.Hartston, the Brussels Encounter, Chequers Chess Publications 1987"]

1. d4 e6 2. c4 Nf6 3. Nf3 d5 4. Nc3 Be7 5. Bg5 O-O 6. e3 h6 7. Bxf6 Bxf6 8. Rc1
a6 9. a3 c6 10. Bd3 Nd7 11. O-O b5 12. cxb5 cxb5 13. Bb1 Bb7 14. a4 bxa4
15. Nxa4 Rc8 16. Qd3 g6 17. b4 Bc6 18. Qb3 Bxa4 19. Qxa4 Nb8 20. Bd3 1/2-1/2

[Event "OHRA tournament"]
[Site "Brussels"]
[Date "1986.12.??"]
[Round "2"]
[White "Short, Nigel David"]
[Black "Hübner, Robert"]
[Result "1-0"]
[WhiteElo "2615"]
[BlackElo "2625"]
[EventDate "1986.12.13"]
[WhiteTitle "GM"]
[BlackTitle "GM"]
[Source "W.Hartston, the Brussels Encounter, Chequers Chess Publications 1987"]

1. e4 c5 2. Nf3 d6 3. d4 cxd4 4. Nxd4 Nf6 5. Nc3 a6 6. Be3 e6 7. Qd2 b5 8. f3
Bb7 9. O-O-O Nbd7 10. g4 Nb6 11. h4 Rc8 12. Ncxb5 axb5 13. Bxb5+ Nfd7 14. Qb4
Qc7 15. Qb3 Kd8 16. Bg5+ Be7 17. Bxd7 Kxd7 18. Nb5 Qc4 19. Nxd6 Qxb3 20. Nxc8+
Kxc8 21. axb3 f6 22. Bf4 Bc6 23. Bd6 Bd8 24. h5 f5 25. gxf5 exf5 26. Rhg1 Rg8
27. Rd4 fxe4 28. fxe4 Be8 29. h6 g5 30. Rg3 g4 31. e5 Bd7 32. Bc5 Bf5 33. Rxd8+
Kxd8 34. Bxb6+ Kd7 35. c4 Ke6 36. Kd2 Rg6 37. Be3 Kxe5 38. Kc3 Be4 39. b4 Bf3
40. b5 Ke4 41. Bc1 Rd6 42. Rg1 Be2 43. Re1 Kf3 44. Bf4 Re6 45. Bc7 Bxc4 46. Rxe6
Bxe6 47. Kd4 Bc8 48. Kc5 Ke4 49. Bg3 Kf5 50. Kc6 Kg5 51. b6 Bf5 52. b7 Be4+
53. Kc7 Bxb7 54. Kxb7 Kxh6 55. b4 Kg5 56. b5 h5 57. b6 h4 58. Bd6 g3 59. Ka6 h3
60. Bxg3 1-0

[Event "OHRA tournament"]
[Site "Brussels"]
[Date "1986.12.??"]
[Round "3"]
[White "Korchnoi, Viktor Lvovich"]
[Black "Portisch, Lajos"]
[Result "0-1"]
[WhiteElo "2650"]
[BlackElo "2605"]
[EventDate "1986.12.13"]
[WhiteTitle "GM"]
[BlackTitle "GM"]
[Source "W.Hartston, the Brussels Encounter, Chequers Chess Publications 1987"]

1. Nf3 c5 2. b3 Nf6 3. Bb2 e6 4. e3 Be7 5. d4 cxd4 6. exd4 O-O 7. Nbd2 b6
8. Bd3 Bb7 9. a3 d6 10. O-O Nbd7 11. Re1 Re8 12. c4 Bf8 13. Bc2 Rc8 14. b4 g6
15. Ba4 Bc6 16. Bxc6 Rxc6 17. Qb3 Rc7 18. Rac1 Qa8 19. Qd3 Bh6 20. Rc3 e5
21. dxe5 dxe5 22. Qe2 e4 23. Nd4 Ne5 24. Rh3 Bg7 25. N4b3 Nd3 26. Bxf6 Nf4
27. Qe3 Nxh3+ 28. gxh3 Bxf6 29. Nxe4 Kg7 30. Nbd2 Rd7 31. Qf3 Qd8 32. Nf1 Bd4
33. Ne3 Rde7 34. Nd5 f5 35. Nxe7 Rxe7 36. Kg2 Rxe4 37. Rxe4 fxe4 38. Qxe4 Qg5+
39. Kf1 Qe5 40. Qb7+ Kh6 41. Qxa7 Qf4 42. Ke2 Qe4+ 0-1

[Event "OHRA tournament"]
[Site "Brussels"]
[Date "1986.12.??"]
[Round "5"]
[White "Korchnoi, Viktor Lvovich"]
[Black "Short, Nigel David"]
[Result "1/2-1/2"]
[WhiteElo "2650"]
[BlackElo "2615"]
[EventDate "1986.12.13"]
[WhiteTitle "GM"]
[BlackTitle "GM"]
[Source "W.Hartston, the Brussels Encounter, Chequers Chess Publications 1987"]

1. d4 Nf6 2. c4 e6 3. Nf3 d5 4. Nc3 Be7 5. Bg5 h6 6. Bh4 O-O 7. Rc1 dxc4 8. e3
c5 9. Bxc4 cxd4 10. Nxd4 Bd7 11. O-O Nc6 12. Nb3 Rc8 13. Be2 Nd5 14. Bxe7 Ncxe7
15. Nxd5 Nxd5 16. Rxc8 Qxc8 17. Qd4 b6 18. Rc1 Qb8 19. e4 Nf4 20. Bf1 Rd8
1/2-1/2

[Event "OHRA tournament"]
[Site "Brussels"]
[Date "1986.12.??"]
[Round "5"]
[White "Kasparov, Garry Kimovich"]
[Black "Portisch, Lajos"]
[Result "1-0"]
[WhiteElo "2740"]
[BlackElo "2605"]
[EventDate "1986.12.13"]
[WhiteTitle "GM"]
[BlackTitle "GM"]
[Source "W.Hartston, the Brussels Encounter, Chequers Chess Publications 1987"]

1. d4 Nf6 2. c4 e6 3. Nf3 d5 4. Nc3 Be7 5. Bg5 O-O 6. e3 Nbd7 7. Qc2 h6 8. cxd5
exd5 9. Bf4 c5 10. Be2 b6 11. O-O Bb7 12. Rfd1 Rc8 13. dxc5 bxc5 14. a4 Qa5
15. Nh4 Rfd8 16. Nf5 Bf8 17. Nb5 Ne8 18. Bd6 Nxd6 19. Nfxd6 Rb8 20. Nxb7 Rxb7
21. Rxd5 Rdb8 22. Qd2 Qxd2 23. Rxd2 Nf6 24. Ra2 Ne4 25. Rc2 Rd7 26. g3 a5
27. Kg2 g6 28. Bf3 Nf6 29. Na3 Bd6 30. Bc6 Rdd8 31. Ra1 Be5 32. Bb5 Nd5 33. Rb1
Bd6 34. Rd2 Nb6 35. Rc1 Be7 36. Re2 Rbc8 37. Nb1 Kg7 38. Nd2 Ra8 39. Nb3 Rdc8
40. Rec2 c4 41. Nd2 Ra7 42. Nxc4 Nxc4 43. Rxc4 Rxc4 44. Rxc4 f5 45. h3 h5 46. g4
hxg4 47. hxg4 fxg4 48. Kg3 Bd6+ 49. Kxg4 Rc7 50. Bc6 Rf7 51. f4 Kh6 52. Bd5 Rf6
53. Rc1 Kg7 54. b3 Rf8 55. Rd1 Bc5 56. Rd3 Ba3 57. Be4 Bc1 58. Rd7+ Kh6 59. Re7
Bd2 60. Kf3 Bb4 61. Rb7 Bc3 62. Bd3 Rf6 63. Kg4 Bd2 64. f5 1-0

[Event "OHRA tournament"]
[Site "Brussels"]
[Date "1986.12.??"]
[Round "7"]
[White "Korchnoi, Viktor Lvovich"]
[Black "Kasparov, Garry Kimovich"]
[Result "1/2-1/2"]
[WhiteElo "2650"]
[BlackElo "2740"]
[EventDate "1986.12.13"]
[WhiteTitle "GM"]
[BlackTitle "GM"]
[Source "W.Hartston, the Brussels Encounter, Chequers Chess Publications 1987"]

1. d4 d5 2. c4 e6 3. Nc3 Be7 4. Bf4 Nf6 5. e3 O-O 6. Rc1 c5 7. dxc5 Bxc5
8. cxd5 exd5 9. Nf3 Nc6 10. Be2 Be6 11. O-O Rc8 12. Nb5 Ne4 13. Nd2 Nxd2
14. Qxd2 Bb4 15. Qd1 Qb6 16. a3 Be7 17. b4 a5 18. Nd6 Rcd8 19. Nxb7 Qxb7 20. b5
Rc8 21. bxc6 Rxc6 22. Rb1 Rb6 23. Rxb6 Qxb6 24. Be5 1/2-1/2

[Event "OHRA B tournament"]
[Site "Brussels"]
[Date "1986.12.??"]
[Round "1"]
[White "García Palermo, Carlos"]
[Black "Winants, Luc"]
[Result "1/2-1/2"]
[WhiteElo "2515"]
[BlackElo "2350"]
[EventDate "1986.12.13"]
[WhiteTitle "GM"]
[BlackTitle "IM"]
[Source "365chess.com"]

1. d4 Nf6 2. c4 e6 3. Nc3 Bb4 4. e3 O-O 5. Ne2 d5 6. a3 Be7 7. cxd5 exd5 8. h3
c5 9. dxc5 Bxc5 10. g4 h6 11. Bg2 Nc6 12. Nxd5 Nxd5 13. Qxd5 Qe7 14. b4 Bb6
15. Bb2 Be6 16. Qe4 Qg5 17. O-O Rae8 18. Qf4 Qe7 19. Ng3 Bc7 20. Nf5 Bxf5
21. Qxf5 Qd6 22. Rfd1 Qh2+ 23. Kf1 Ne7 24. Qf3 Ng6 25. Rac1 Re7 1/2-1/2

[Event "OHRA B tournament"]
[Site "Brussels"]
[Date "1986.12.??"]
[Round "1"]
[White "Goormachtigh, Johan"]
[Black "Watson, William Nicholas"]
[Result "1/2-1/2"]
[WhiteElo "2335"]
[BlackElo "2495"]
[EventDate "1986.12.13"]
[WhiteTitle "FM"]
[BlackTitle "IM"]
[Source "365chess.com"]

1. d4 Nf6 2. c4 g6 3. Nc3 Bg7 4. e4 d6 5. Nge2 c6 6. Ng3 a6 7. Be2 b5 8. e5
dxe5 9. dxe5 Qxd1+ 10. Nxd1 Nfd7 11. f4 Nb6 12. Ne3 Be6 13. Bd2 N8d7 14. Rc1 Bh6
15. Rf1 O-O 16. b3 Rad8 17. Ne4 bxc4 18. Nxc4 Nxc4 19. Bxc4 Bf5 20. Ng3 Nxe5
21. Nxf5 gxf5 22. Bxa6 Rd4 23. Rc2 Ng4 24. h3 Nf6 25. Bc3 Re4+ 26. Re2 Ra8
27. Bxf6 Rxa6 28. Bxe7 Rxa2 29. Rxe4 fxe4 30. g4 Ra1+ 31. Ke2 Rxf1 32. Kxf1 Bxf4
33. Bf6 Kf8 34. Ke2 Ke8 35. Bd4 Kd7 36. Be3 Bh2 37. Bh6 Ke6 38. Bg7 Kd5 39. Bf6
Be5 40. Bd8 Bh2 41. Bb6 Be5 42. Bd8 Kd4 43. Ba5 Bd6 44. Bd2 c5 45. Ba5 e3 46. h4
Ke4 47. Bd8 Kf4 48. g5 Ke4 49. Bf6 Bf8 50. h5 Bd6 51. Bd8 Be5 52. Be7 Bd4
53. Bd8 Kf4 54. Be7 Kg4 55. h6 Kf4 56. Bd8 Ke4 57. Be7 Ke5 58. Kf3 Ke6 59. Bd8
Kd7 60. Bb6 Kc6 61. Ba5 Kb5 62. Be1 Kc6 63. Ke4 Kb5 64. Kd3 Kc6 65. Ke4 Kb6
66. Kd3 Kb5 67. Ke4 e2 68. Kd3 Bb2 69. Kxe2 Bc1 70. Bc3 Bxg5 71. Bg7 Kb4 72. Bf8
Bf6 73. Kd3 Bd4 74. Bg7 Bg1 75. Kc2 f5 76. Bc3+ Ka3 77. Bd2 Bd4 78. Bc1+ Kb4
79. Bf4 Bf6 80. Bd2+ Kb5 81. Bf4 Kc6 82. Kd3 Kd5 83. Ke3 Be5 84. Bg5 Bd6 85. Kf3
Ke6 86. Be3 Kf6 87. Bf2 Kg5 88. Be3+ f4 89. Bg1 Kxh6 90. Bxc5 1/2-1/2

[Event "OHRA B tournament"]
[Site "Brussels"]
[Date "1986.12.??"]
[Round "1"]
[White "Gutman, Lev"]
[Black "Defize, Alain"]
[Result "1-0"]
[WhiteElo "2460"]
[BlackElo "2330"]
[EventDate "1986.12.13"]
[WhiteTitle "GM"]
[BlackTitle "FM"]
[Source "365chess.com"]

1. Nf3 c5 2. g3 Nc6 3. d4 cxd4 4. Nxd4 g6 5. Nxc6 bxc6 6. Bg2 Bg7 7. O-O Rb8
8. Nd2 Nf6 9. Nb3 Bb7 10. Be3 a5 11. Qd2 Nd5 12. Bh6 Bxh6 13. Qxh6 Nf6 14. Qd2
Ba6 15. Nxa5 Qb6 16. Rab1 c5 17. a3 Bxe2 18. Rfe1 Bg4 19. Nc4 Qc7 20. Nd6+ Kf8
21. Qh6+ Kg8 22. Ne4 Nxe4 23. Rxe4 Be6 24. b4 d5 25. Ree1 cxb4 26. Rxb4 Rxb4
27. axb4 Qc3 28. Rb1 Qg7 29. Qf4 Qc3 30. b5 f6 31. b6 g5 32. Qb8+ Kg7 33. Qxh8+
Kxh8 34. b7 1-0

[Event "OHRA B tournament"]
[Site "Brussels"]
[Date "1986.12.??"]
[Round "1"]
[White "Kuligowski, Adam"]
[Black "Faragó, Iván"]
[Result "1/2-1/2"]
[WhiteElo "2385"]
[BlackElo "2520"]
[EventDate "1986.12.13"]
[WhiteTitle "GM"]
[BlackTitle "GM"]
[Source "365chess.com"]

1. Nf3 Nf6 2. c4 c5 3. b3 d5 4. cxd5 Nxd5 5. Bb2 Nc6 6. a3 f6 7. e3 e5 8. Qc2
Be6 9. Bd3 g6 10. Be2 Rc8 11. d3 Qe7 12. Nbd2 Bg7 13. Rc1 b6 14. O-O O-O
15. Rfe1 Kh8 16. Qb1 f5 17. Bf1 Bg8 18. Qa1 Rfe8 19. e4 fxe4 20. Rxe4 Nf6
21. Re2 Nd7 22. d4 cxd4 23. Nxd4 Nxd4 24. Bxd4 Rxc1 25. Qxc1 Qf8 26. Bb2 Rc8
27. Qb1 Qf5 28. Qa1 Rc2 29. Nc4 Bxc4 30. Rxc2 Bxf1 31. Rc8+ Nf8 32. Rxf8+ Bxf8
33. Qxf1 Bc5 34. Qe1 Kg8 35. Bxe5 Qe6 36. Qa1 Qxb3 37. a4 Qc2 38. Bg3 Bd4
39. Qe1 Qc6 40. h3 Bf6 41. Qd1 Kf7 42. Qb3+ Qe6 1/2-1/2

[Event "OHRA B tournament"]
[Site "Brussels"]
[Date "1986.12.??"]
[Round "1"]
[White "Moulin, Pierre"]
[Black "Abramović, Boško"]
[Result "1/2-1/2"]
[WhiteElo "2310"]
[BlackElo "2445"]
[EventDate "1986.12.13"]
[BlackTitle "GM"]
[Source "365chess.com"]

1. e4 e5 2. Nf3 Nc6 3. Nc3 Nf6 4. Bb5 d6 5. d4 Bd7 6. O-O Be7 7. Re1 exd4
8. Nxd4 O-O 9. Bxc6 bxc6 10. Qf3 c5 11. Nf5 Bxf5 12. Qxf5 Nd7 13. Nd5 Nb6
14. Bf4 Nxd5 15. Qxd5 Bf6 16. e5 dxe5 17. Qxd8 Rfxd8 18. Bxe5 Rd2 19. Bxf6 gxf6
20. Rac1 Rb8 21. b3 Rbd8 22. Kf1 c4 23. Re3 R8d5 24. Ke1 R2d4 25. Rc3 Kf8
1/2-1/2

[Event "OHRA B tournament"]
[Site "Brussels"]
[Date "1986.12.??"]
[Round "1"]
[White "Pergericht, Daniel"]
[Black "Sunyé Neto, Jaime"]
[Result "0-1"]
[WhiteElo "2345"]
[BlackElo "2515"]
[EventDate "1986.12.13"]
[BlackTitle "IM"]
[Source "365chess.com"]

1. d4 Nf6 2. c4 e6 3. g3 Bb4+ 4. Bd2 Bxd2+ 5. Qxd2 d5 6. Bg2 Qe7 7. cxd5 exd5
8. Nc3 c6 9. Nf3 O-O 10. O-O Nbd7 11. Qf4 Re8 12. Qc7 Qb4 13. Rab1 Nf8 14. a3
Qb6 15. Qf4 Ng6 16. Qd2 Ne4 17. Nxe4 dxe4 18. Qe3 Be6 19. Ng5 Bd5 20. g4 Rad8
21. Rfd1 Qb3 22. Rd2 Qxe3 23. fxe3 Nh4 24. Rf1 Rd6 25. Rf4 Rg6 26. Nh3 h5 27. g5
Nxg2 28. Kxg2 Be6 29. Rc2 Bxh3+ 30. Kxh3 Rxg5 31. b4 g6 32. a4 Re7 33. Rf6 Kg7
34. Rd6 Rg1 35. b5 cxb5 36. axb5 Rb1 37. b6 axb6 38. Kg3 b5 39. Rc5 b4 40. Rb6
Rb3 41. Kf2 Re6 42. Rxe6 fxe6 43. Re5 Kf6 44. Rxe4 Rb1 45. Re5 g5 46. h4 gxh4
47. Rxh5 b3 48. Rb5 Rb2 49. e4 h3 50. Rh5 Rxe2+ 0-1

[Event "OHRA B tournament"]
[Site "Brussels"]
[Date "1986.12.??"]
[Round "2"]
[White "Abramović, Boško"]
[Black "Kuligowski, Adam"]
[Result "1/2-1/2"]
[WhiteElo "2445"]
[BlackElo "2385"]
[EventDate "1986.12.13"]
[WhiteTitle "GM"]
[BlackTitle "GM"]
[Source "365chess.com"]

1. e4 e5 2. Nf3 Nc6 3. Bb5 g6 4. O-O Bg7 5. c3 a6 6. Ba4 d6 7. d4 Bd7 8. dxe5
Nxe5 9. Nxe5 dxe5 10. Bg5 Nf6 11. c4 h6 12. Bxf6 Bxf6 13. Bxd7+ Qxd7 14. Qb3 c6
15. Rd1 Qc7 16. Nd2 1/2-1/2

[Event "OHRA B tournament"]
[Site "Brussels"]
[Date "1986.12.??"]
[Round "2"]
[White "Defize, Alain"]
[Black "Kerkhof, Philippe"]
[Result "1-0"]
[WhiteElo "2330"]
[BlackElo "2215"]
[EventDate "1986.12.13"]
[WhiteTitle "FM"]
[Source "365chess.com"]

1. Nf3 Nf6 2. c4 g6 3. Nc3 Bg7 4. g3 O-O 5. Bg2 d6 6. O-O Nc6 7. Rb1 Bf5 8. d3
Qd7 9. b4 e5 10. b5 Nd8 11. Ng5 h6 12. Nge4 Nxe4 13. dxe4 Bh3 14. Ba3 Bxg2
15. Kxg2 b6 16. c5 bxc5 17. Bxc5 Ne6 18. Be3 f5 19. f3 f4 20. Bf2 h5 21. Qb3 Kh7
22. Rfc1 Ng5 23. Qd1 Qh3+ 24. Kh1 fxg3 25. Bxg3 h4 26. Bf2 Bh6 27. Qf1 Qxf1+
28. Rxf1 h3 29. Rg1 Ne6 30. Rg3 Nf4 31. Rd1 a6 32. bxa6 Rxa6 33. e3 Nh5 34. Rxh3
Ra3 35. Rc1 c5 36. Kg2 Kg7 37. Rh4 Rb8 38. Rg4 Rb2 39. Kf1 1-0

[Event "OHRA B tournament"]
[Site "Brussels"]
[Date "1986.12.??"]
[Round "2"]
[White "Geenen, Marc"]
[Black "García Palermo, Carlos"]
[Result "1-0"]
[WhiteElo "2255"]
[BlackElo "2515"]
[EventDate "1986.12.13"]
[BlackTitle "GM"]
[Source "365chess.com"]

1. e4 c6 2. d4 d5 3. f3 dxe4 4. fxe4 e5 5. Nf3 Be6 6. c3 Nf6 7. Nxe5 Nxe4
8. Nf3 Be7 9. Bd3 Nd6 10. O-O Nd7 11. Bf4 Qb6 12. Qe2 c5 13. Na3 Rc8 14. Bxd6
Qxd6 15. Rad1 O-O 16. d5 Bxd5 17. Be4 Nf6 18. Bxd5 Nxd5 19. c4 Nf4 20. Qe4 Qf6
21. Ne5 Bd6 22. Nd7 Qxb2 23. Rxd6 Ne2+ 24. Kh1 Rfe8 25. Qf3 Re7 26. Nxc5 Nd4
27. Qg4 Rce8 28. Rxd4 Qxa3 29. Ne4 Qb2 30. Nf6+ Kh8 31. Nxe8 1-0

[Event "OHRA B tournament"]
[Site "Brussels"]
[Date "1986.12.??"]
[Round "2"]
[White "Karólyi, Tibor"]
[Black "Gutman, Lev"]
[Result "1-0"]
[WhiteElo "2410"]
[BlackElo "2460"]
[EventDate "1986.12.13"]
[WhiteTitle "IM"]
[BlackTitle "GM"]
[Source "365chess.com"]

1. d4 Nf6 2. c4 g6 3. Nc3 d5 4. Nf3 Bg7 5. Qb3 dxc4 6. Qxc4 O-O 7. e4 Nc6
8. Be2 Bg4 9. Be3 Bxf3 10. gxf3 e5 11. dxe5 Nxe5 12. Qb3 Qd7 13. h3 Rad8 14. Rd1
Qc8 15. f4 Rxd1+ 16. Kxd1 Rd8+ 17. Kc1 Nc6 18. e5 Nh5 19. Bg4 Qa8 20. Bxh5 gxh5
21. Rg1 Ne7 22. Ne4 b6 23. Nf6+ Kh8 24. Qxf7 Qc6+ 25. Kb1 Bxf6 26. Qxf6+ Qxf6
27. exf6 Nf5 28. Rg5 Nd6 29. Bd4 Nf7 30. Be5 Rg8 31. Rxg8+ Kxg8 32. Bxc7 Nh6
33. a4 Nf5 34. b4 Nd4 35. b5 Ne6 36. Bd6 h4 37. Ka2 Kf7 38. Bb8 Kxf6 39. Bxa7
Nxf4 40. Bxb6 Ke7 41. a5 Kd7 42. a6 Nd5 43. Ba5 Kc8 44. Kb3 1-0

[Event "OHRA B tournament"]
[Site "Brussels"]
[Date "1986.12.??"]
[Round "2"]
[White "Sunyé Neto, Jaime"]
[Black "Boey, Jozef Martin"]
[Result "1-0"]
[WhiteElo "2515"]
[BlackElo "2390"]
[EventDate "1986.12.13"]
[WhiteTitle "IM"]
[BlackTitle "IM"]
[Source "365chess.com"]

1. c4 Nc6 2. Nc3 e5 3. g3 g6 4. Bg2 Bg7 5. d3 d6 6. Rb1 f5 7. b4 Nf6 8. e3 O-O
9. Nge2 Ne7 10. O-O c6 11. b5 g5 12. bxc6 bxc6 13. f4 gxf4 14. exf4 Bd7 15. h3
Nh5 16. Bf3 Qe8 17. Rb7 Rd8 18. Kh2 Nc8 19. Rxd7 Rxd7 20. Bxc6 Ne7 21. Bxd7 Qxd7
22. Qa4 Qe6 23. Qxa7 exf4 24. gxf4 Ng6 25. Qf2 Re8 26. Bd2 Nf6 27. Re1 Qd7
28. Nd4 Rxe1 29. Bxe1 Nh5 30. Nde2 Nhxf4 31. Nxf4 Nxf4 32. Qf3 Ng6 33. Nd5 Be5+
34. Kh1 Qa7 35. Qxf5 Qxa2 36. Bf2 Qb1+ 37. Kg2 Qc2 38. Qe4 Qd1 39. d4 Bg7
40. Ne7+ Nxe7 41. Qxe7 Bf8 42. Qe6+ Kg7 43. c5 Qc2 44. Qg4+ Kh8 45. Qf3 Qg6+
46. Kh1 Qb1+ 47. Bg1 Qb8 48. c6 Bg7 49. Qf5 Qd8 50. d5 h6 51. Qd7 Qf6 52. Qe8+
Bf8 53. Qe4 Qf1 54. Kh2 Bg7 55. c7 Qc1 56. Qe8+ Kh7 57. c8=Q Qf4+ 58. Kg2 Qd2+
59. Bf2 1-0

[Event "OHRA B tournament"]
[Site "Brussels"]
[Date "1986.12.??"]
[Round "2"]
[White "Watson, William Nicholas"]
[Black "Moulin, Pierre"]
[Result "1-0"]
[WhiteElo "2495"]
[BlackElo "2310"]
[EventDate "1986.12.13"]
[WhiteTitle "IM"]
[Source "365chess.com"]

1. e4 e5 2. Nf3 Nc6 3. Bb5 f5 4. Nc3 fxe4 5. Nxe4 Nf6 6. Nxf6+ Qxf6 7. O-O Nd4
8. Nxd4 exd4 9. b3 Be7 10. Bc4 c6 11. Re1 Kd8 12. Bb2 d6 13. Bd3 Bd7 14. Re4 c5
15. c3 Rf8 16. Re2 Qg5 17. cxd4 Bg4 18. dxc5 dxc5 19. Be4 Bxe2 20. Qxe2 Bd6
21. Bxb7 Rb8 22. Be4 Rb4 23. d3 Be5 24. Re1 Bd4 25. Bxd4 Rxd4 26. g3 h6 27. Qc2
Rd7 28. Qc3 Qf6 29. Qxc5 Rc7 30. Qd5+ Kc8 31. Re2 Rd8 32. Qb5 Rc1+ 33. Kg2 Qd6
34. Qb7# 1-0

[Event "OHRA B tournament"]
[Site "Brussels"]
[Date "1986.12.??"]
[Round "2"]
[White "Winants, Luc"]
[Black "Flear, Glenn Curtis"]
[Result "1/2-1/2"]
[WhiteElo "2350"]
[BlackElo "2505"]
[EventDate "1986.12.13"]
[WhiteTitle "IM"]
[BlackTitle "IM"]
[Source "365chess.com"]

1. d4 d5 2. Nf3 Nf6 3. e3 c6 4. Bd3 Bg4 5. h3 Bh5 6. c4 e6 7. Nc3 Nbd7 8. O-O
Be7 9. b3 O-O 10. Bb2 Rc8 11. e4 e5 12. g4 exd4 13. Nxd4 dxe4 14. Nxe4 Bg6
15. Ng3 Re8 16. Ndf5 Nc5 17. Bc2 Ne6 18. Qxd8 Rcxd8 19. Rad1 Rxd1 20. Rxd1 Bd8
21. f3 h5 22. Bb1 hxg4 23. hxg4 Nh7 24. Be4 Nhg5 25. Kf1 Bb6 26. Rd7 Nxe4
27. Nxe4 Rd8 28. Rxd8+ Nxd8 29. Nxg7 Bxe4 30. fxe4 Bc5 31. Bf6 Ne6 32. Nxe6 fxe6
33. Kg2 Kf7 34. Be5 Kg6 35. Kf3 a6 36. Bf4 Bd4 37. Be3 Be5 38. Bb6 Bd6 39. Bd8
Bc5 40. Ke2 Bd4 41. Kd3 Be5 42. c5 Bb2 43. Kc4 Ba3 44. Bh4 Kh6 45. Kd4 Bb2+
46. Ke3 Bc1+ 47. Kf3 Bd2 48. Bg3 Kg6 49. Bf4 Bb4 50. Be3 Ba5 51. Ke2 Bd8 52. Kd3
Be7 53. Kc4 Bd8 54. Bf4 Ba5 55. Kd3 Bd8 56. Bd2 Be7 57. Kd4 Bf6+ 58. Kc4 Bd8
59. Kb4 Be7 60. Bf4 Bd8 61. Kc4 Ba5 62. b4 Bd8 63. a4 1/2-1/2

[Event "OHRA B tournament"]
[Site "Brussels"]
[Date "1986.12.??"]
[Round "3"]
[White "García Palermo, Carlos"]
[Black "Defize, Alain"]
[Result "1/2-1/2"]
[WhiteElo "2515"]
[BlackElo "2330"]
[EventDate "1986.12.13"]
[WhiteTitle "GM"]
[BlackTitle "FM"]
[Source "365chess.com"]

1. d4 Nf6 2. Nf3 d6 3. Nbd2 Nbd7 4. e4 e5 5. c3 Be7 6. Bd3 O-O 7. O-O c6 8. a4
b6 9. Re1 a6 10. Nf1 Bb7 11. Ng3 g6 12. Qb3 Qc7 13. Bh6 Rfe8 14. Rad1 Rad8
15. Bb1 c5 16. dxe5 Nxe5 17. Nxe5 dxe5 18. Ba2 Bf8 19. Bg5 Bg7 20. Qc4 h6
21. Bxf6 Bxf6 22. Qe2 Bc6 1/2-1/2

[Event "OHRA B tournament"]
[Site "Brussels"]
[Date "1986.12.??"]
[Round "3"]
[White "Geenen, Marc"]
[Black "Watson, William Nicholas"]
[Result "0-1"]
[WhiteElo "2255"]
[BlackElo "2495"]
[EventDate "1986.12.13"]
[BlackTitle "IM"]
[Source "365chess.com"]

1. e4 c6 2. d4 d5 3. f3 g6 4. Nc3 Bg7 5. Be3 Qb6 6. Qd2 Qxb2 7. Rb1 Qa3 8. exd5
Nf6 9. dxc6 bxc6 10. Bc4 O-O 11. Nge2 Nbd7 12. O-O Nb6 13. Bb3 Ba6 14. Bh6 c5
15. dxc5 Rad8 16. Qc1 Qxc5+ 17. Be3 Qa5 18. Re1 Nc4 19. Bxa7 Nd2 20. Bxf7+ Rxf7
21. Bb6 Qg5 22. Bxd8 Nxf3+ 23. Kh1 Ng4 24. Bb6 Qe5 25. g3 Bb7 26. Bg1 Ba8
27. Qa3 Rf8 28. Rf1 Nd2+ 29. Qxa8 Rxa8 30. Bd4 Qh5 31. h4 Bxd4 32. Nxd4 Qc5
33. Nce2 Nxb1 34. Rxb1 Rf8 35. Kg2 Rf2+ 36. Kh3 h5 37. Rh1 Qc8 38. Nf4 e5
39. Nxg6 Ne3+ 0-1

[Event "OHRA B tournament"]
[Site "Brussels"]
[Date "1986.12.??"]
[Round "3"]
[White "Gutman, Lev"]
[Black "Kuligowski, Adam"]
[Result "1-0"]
[WhiteElo "2460"]
[BlackElo "2385"]
[EventDate "1986.12.13"]
[WhiteTitle "GM"]
[BlackTitle "GM"]
[Source "365chess.com"]

1. Nf3 g6 2. d4 Nf6 3. g3 Bg7 4. Bg2 O-O 5. c4 d6 6. O-O c5 7. Nc3 Nc6 8. d5
Na5 9. Nd2 e5 10. Qc2 Bf5 11. e4 Bd7 12. b3 Ng4 13. Bb2 f5 14. exf5 gxf5
15. Rae1 Qg5 16. h3 Nh6 17. Ne2 Qg6 18. f4 e4 19. Bxg7 Qxg7 20. Qc3 b6 21. Qxg7+
Kxg7 22. Nc3 Rae8 23. Kf2 Nb7 24. Rg1 Kh8 25. Nf1 a6 26. Ne3 b5 27. Bf1 b4
28. Nb1 Re7 29. Be2 Nd8 30. Nd2 Ng8 31. a3 Nb7 32. axb4 cxb4 33. Nc2 Nc5 34. Ke3
a5 35. Ra1 a4 36. bxa4 b3 37. Nd4 b2 38. Ra2 Nxa4 39. Bd1 Nc3 40. Rxb2 Rg7
41. Ne2 Nxd1+ 42. Rxd1 Nf6 43. Rb6 Ra8 44. Rdb1 Ra2 45. Rxd6 1-0

[Event "OHRA B tournament"]
[Site "Brussels"]
[Date "1986.12.??"]
[Round "3"]
[White "Karólyi, Tibor"]
[Black "Sunyé Neto, Jaime"]
[Result "1/2-1/2"]
[WhiteElo "2410"]
[BlackElo "2515"]
[EventDate "1986.12.13"]
[WhiteTitle "IM"]
[BlackTitle "IM"]
[Source "365chess.com"]

1. d4 Nf6 2. c4 e6 3. Nf3 b6 4. g3 Ba6 5. b3 d5 6. cxd5 exd5 7. Bg2 Be7 8. O-O
O-O 9. Nc3 Re8 10. Re1 Nbd7 11. Bb2 Bb7 12. Rc1 c5 13. dxc5 bxc5 14. Na4 Bf8
15. Bxf6 Qxf6 16. Nd2 Rad8 17. Qc2 Bc6 18. Nb2 Ba8 19. e4 dxe4 20. Nxe4 Qg6
21. Nc4 Ne5 22. Nxe5 Rxe5 23. Re2 Rde8 24. Nc3 1/2-1/2

[Event "OHRA B tournament"]
[Site "Brussels"]
[Date "1986.12.??"]
[Round "3"]
[White "Kouatly, Bachar"]
[Black "Faragó, Iván"]
[Result "1/2-1/2"]
[WhiteElo "2430"]
[BlackElo "2520"]
[EventDate "1986.12.13"]
[WhiteTitle "IM"]
[BlackTitle "GM"]
[Source "365chess.com"]

1. d4 Nf6 2. c4 e6 3. Nc3 Bb4 4. a3 Bxc3+ 5. bxc3 c5 6. f3 d5 7. cxd5 Nxd5
8. dxc5 Qa5 9. e4 Nc7 10. Qd4 f6 11. f4 Nc6 12. Qc4 O-O 13. Be3 Kh8 14. Nf3 e5
15. f5 Bd7 16. Nd2 Na6 17. Nb3 Qc7 18. Rd1 Be8 19. Be2 Rc8 20. O-O Na5 21. Nxa5
Qxa5 22. Rd6 1/2-1/2